[Event "DEM U18w 2024"]
[Site "Willingen GER"]
[Date "2024.05.20"]
[Round "3"]
[White "Schirmer, Sara"]
[Black "Hellenbroich, Helene"]
[Result "0-1"]
[Termination "normal"]
[Board "11"]
[WhiteElo "1638"]
[BlackElo "1640"]
[WhiteClock "00:01:58"]
[BlackClock "00:30:41"]
[PlyCount "66"]
[WhiteFideId "16297580"]
[BlackFideId "16270754"]
[EventCountry "GER"]
[EventRounds "9"]
[EventType "swiss"]
[EventDate "2024.05.18"]

1. e4 {[%clk 01:30:57]} {[%emt 00:00:02]} e6 {[%clk 01:30:35]} {[%emt
00:00:25]} 2. d4 {[%clk 01:31:19]} {[%emt 00:00:08]} d5 {[%clk 01:30:58]}
{[%emt 00:00:07]} 3. exd5 {[%clk 01:31:44]} {[%emt 00:00:06]} exd5 {[%clk
01:31:16]} {[%emt 00:00:12]} 4. c4 {[%clk 01:32:08]} {[%emt 00:00:06]} Bd6
{[%clk 01:30:35]} {[%emt 00:01:10]} 5. Nc3 {[%clk 01:32:15]} {[%emt 00:00:23]}
Nf6 {[%clk 01:26:01]} {[%emt 00:05:04]} 6. Bd3 {[%clk 01:32:11]} {[%emt
00:00:34]} O-O {[%clk 01:19:00]} {[%emt 00:07:32]} 7. Nf3 {[%clk 01:31:13]}
{[%emt 00:01:27]} Re8+ {[%clk 01:18:21]} {[%emt 00:01:09]} 8. Be3 {[%clk
01:31:22]} {[%emt 00:00:21]} Bf4 {[%clk 01:09:47]} {[%emt 00:09:04]} 9. O-O
{[%clk 00:55:32]} {[%emt 00:36:21]} Bxe3 {[%clk 01:05:19]} {[%emt 00:04:58]}
10. fxe3 {[%clk 00:55:49]} {[%emt 00:00:12]} Ng4 {[%clk 01:01:34]} {[%emt
00:04:15]} 11. Ne5 {[%clk 00:26:21]} {[%emt 00:29:59]} Nxe5 {[%clk 00:52:27]}
{[%emt 00:09:36]} 12. dxe5 {[%clk 00:26:43]} {[%emt 00:00:09]} Nc6 {[%clk
00:44:57]} {[%emt 00:08:00]} 13. Bxh7+ {[%clk 00:21:53]} {[%emt 00:05:20]} Kxh7
{[%clk 00:44:17]} {[%emt 00:01:09]} 14. Qh5+ {[%clk 00:22:17]} {[%emt
00:00:06]} Kg8 {[%clk 00:44:43]} {[%emt 00:00:05]} 15. Qxf7+ {[%clk 00:22:32]}
{[%emt 00:00:14]} Kh8 {[%clk 00:45:08]} {[%emt 00:00:05]} 16. Qh5+ {[%clk
00:07:26]} {[%emt 00:15:36]} Kg8 {[%clk 00:45:31]} {[%emt 00:00:08]} 17. Nxd5
{[%clk 00:04:12]} {[%emt 00:03:44]} Rxe5 {[%clk 00:42:59]} {[%emt 00:03:01]}
18. Qf7+ {[%clk 00:02:27]} {[%emt 00:02:15]} Kh8 {[%clk 00:43:02]} {[%emt
00:00:27]} 19. Nf6 {[%clk 00:00:57]} {[%emt 00:02:00]} Be6 {[%clk 00:39:12]}
{[%emt 00:04:21]} 20. Qg6 {[%clk 00:00:48]} {[%emt 00:00:38]} gxf6 {[%clk
00:39:04]} {[%emt 00:00:38]} 21. Rxf6 {[%clk 00:01:13]} {[%emt 00:00:05]} Qg8
{[%clk 00:39:02]} {[%emt 00:00:33]} 22. Qh6+ {[%clk 00:01:16]} {[%emt
00:00:26]} Qh7 {[%clk 00:39:13]} {[%emt 00:00:20]} 23. Qf4 {[%clk 00:01:17]}
{[%emt 00:00:28]} Rf5 {[%clk 00:38:13]} {[%emt 00:01:30]} 24. Rxf5 {[%clk
00:01:03]} {[%emt 00:00:45]} Bxf5 {[%clk 00:38:09]} {[%emt 00:00:34]} 25. Rf1
{[%clk 00:01:05]} {[%emt 00:00:27]} Bg6 {[%clk 00:33:44]} {[%emt 00:04:56]} 26.
Qf6+ {[%clk 00:01:03]} {[%emt 00:00:31]} Qg7 {[%clk 00:33:50]} {[%emt
00:00:23]} 27. Qh4+ {[%clk 00:01:27]} {[%emt 00:00:07]} Bh7 {[%clk 00:33:37]}
{[%emt 00:00:44]} 28. Rf3 {[%clk 00:00:51]} {[%emt 00:01:06]} Qxb2 {[%clk
00:31:27]} {[%emt 00:02:39]} 29. Qh6 {[%clk 00:00:48]} {[%emt 00:00:33]} Qa1+
{[%clk 00:30:15]} {[%emt 00:01:42]} 30. Kf2 {[%clk 00:01:11]} {[%emt 00:00:07]}
Qxa2+ {[%clk 00:29:54]} {[%emt 00:00:52]} 31. Kg3 {[%clk 00:01:24]} {[%emt
00:00:16]} Rg8+ {[%clk 00:30:08]} {[%emt 00:00:16]} 32. Kh3 {[%clk 00:01:41]}
{[%emt 00:00:10]} Qxg2+ {[%clk 00:30:25]} {[%emt 00:00:15]} 33. Kh4 {[%clk
00:01:58]} {[%emt 00:00:13]} Qg4# {[%clk 00:30:41]} {[%emt 00:00:15]} 0-1

[Event "DEM U18w 2024"]
[Site "Willingen GER"]
[Date "2024.05.20"]
[Round "3"]
[White "Köpnick, Amanda"]
[Black "Stelter, Finja"]
[Result "0-1"]
[Termination "normal"]
[Board "12"]
[WhiteElo "1636"]
[BlackElo "1637"]
[WhiteClock "00:30:20"]
[BlackClock "00:34:57"]
[PlyCount "94"]
[WhiteFideId "34618538"]
[BlackFideId "16298624"]
[EventCountry "GER"]
[EventRounds "9"]
[EventType "swiss"]
[EventDate "2024.05.18"]

1. e4 {[%clk 01:30:54]} {[%emt 00:00:04]} c5 {[%clk 01:30:53]} {[%emt
00:00:09]} 2. Nf3 {[%clk 01:31:17]} {[%emt 00:00:07]} Nc6 {[%clk 01:31:12]}
{[%emt 00:00:11]} 3. d4 {[%clk 01:31:42]} {[%emt 00:00:05]} cxd4 {[%clk
01:31:35]} {[%emt 00:00:07]} 4. Nxd4 {[%clk 01:32:03]} {[%emt 00:00:08]} g6
{[%clk 01:31:54]} {[%emt 00:00:12]} 5. c4 {[%clk 01:32:20]} {[%emt 00:00:12]}
Bg7 {[%clk 01:32:04]} {[%emt 00:00:20]} 6. Be3 {[%clk 01:32:41]} {[%emt
00:00:10]} Nf6 {[%clk 01:32:23]} {[%emt 00:00:11]} 7. Nc3 {[%clk 01:32:41]}
{[%emt 00:00:29]} O-O {[%clk 01:32:18]} {[%emt 00:00:35]} 8. Be2 {[%clk
01:33:02]} {[%emt 00:00:08]} d6 {[%clk 01:31:57]} {[%emt 00:00:52]} 9. O-O
{[%clk 01:32:36]} {[%emt 00:00:56]} Bd7 {[%clk 01:31:59]} {[%emt 00:00:29]} 10.
Rc1 {[%clk 01:25:35]} {[%emt 00:07:31]} a6 {[%clk 01:24:40]} {[%emt 00:07:49]}
11. Qd2 {[%clk 01:15:19]} {[%emt 00:10:45]} Rc8 {[%clk 01:19:54]} {[%emt
00:05:16]} 12. f4 {[%clk 01:14:28]} {[%emt 00:01:21]} Nxd4 {[%clk 01:10:01]}
{[%emt 00:10:24]} 13. Bxd4 {[%clk 01:14:20]} {[%emt 00:00:37]} Bc6 {[%clk
01:08:03]} {[%emt 00:02:29]} 14. Qe3 {[%clk 01:10:37]} {[%emt 00:04:11]} Bh6
{[%clk 00:53:19]} {[%emt 00:15:15]} 15. g4 {[%clk 01:09:18]} {[%emt 00:01:49]}
e5 {[%clk 00:45:49]} {[%emt 00:08:01]} 16. g5 {[%clk 01:03:39]} {[%emt
00:06:09]} exd4 {[%clk 00:45:00]} {[%emt 00:01:19]} 17. Qxd4 {[%clk 01:03:28]}
{[%emt 00:00:41]} Bg7 {[%clk 00:45:09]} {[%emt 00:00:21]} 18. gxf6 {[%clk
01:01:30]} {[%emt 00:02:27]} Bxf6 {[%clk 00:44:27]} {[%emt 00:01:12]} 19. Qd3
{[%clk 00:58:10]} {[%emt 00:03:49]} Qb6+ {[%clk 00:34:21]} {[%emt 00:10:36]}
20. Kg2 {[%clk 00:54:14]} {[%emt 00:04:27]} Bd4 {[%clk 00:31:24]} {[%emt
00:03:27]} 21. Nd5 {[%clk 00:44:32]} {[%emt 00:10:12]} Bxd5 {[%clk 00:31:16]}
{[%emt 00:00:38]} 22. exd5 {[%clk 00:42:59]} {[%emt 00:02:03]} Rce8 {[%clk
00:26:57]} {[%emt 00:04:49]} 23. f5 {[%clk 00:31:07]} {[%emt 00:12:22]} Re3
{[%clk 00:23:49]} {[%emt 00:03:39]} 24. Qc2 {[%clk 00:29:50]} {[%emt 00:01:46]}
Rfe8 {[%clk 00:21:47]} {[%emt 00:02:32]} 25. Bd3 {[%clk 00:25:42]} {[%emt
00:04:38]} Qd8 {[%clk 00:17:26]} {[%emt 00:04:49]} 26. fxg6 {[%clk 00:22:58]}
{[%emt 00:03:16]} Qg5+ {[%clk 00:15:53]} {[%emt 00:02:02]} 27. Kh1 {[%clk
00:22:56]} {[%emt 00:00:33]} hxg6 {[%clk 00:15:40]} {[%emt 00:00:43]} 28. Rg1
{[%clk 00:18:10]} {[%emt 00:05:16]} Qh5 {[%clk 00:12:42]} {[%emt 00:03:28]} 29.
Bxg6 {[%clk 00:06:21]} {[%emt 00:12:19]} Qf3+ {[%clk 00:12:44]} {[%emt
00:00:28]} 30. Qg2 {[%clk 00:05:39]} {[%emt 00:01:12]} Qxg2+ {[%clk 00:12:35]}
{[%emt 00:00:39]} 31. Kxg2 {[%clk 00:03:18]} {[%emt 00:02:51]} Re2+ {[%clk
00:12:24]} {[%emt 00:00:41]} 32. Kf3 {[%clk 00:02:51]} {[%emt 00:00:58]} Bxg1
{[%clk 00:12:30]} {[%emt 00:00:24]} 33. Rxg1 {[%clk 00:02:57]} {[%emt
00:00:22]} fxg6 {[%clk 00:12:21]} {[%emt 00:00:39]} 34. Rxg6+ {[%clk 00:03:13]}
{[%emt 00:00:15]} Kf7 {[%clk 00:11:40]} {[%emt 00:01:11]} 35. Rh6 {[%clk
00:03:24]} {[%emt 00:00:19]} Rxb2 {[%clk 00:11:39]} {[%emt 00:00:30]} 36. Rh7+
{[%clk 00:02:43]} {[%emt 00:01:11]} Kf6 {[%clk 00:10:50]} {[%emt 00:01:19]} 37.
Rh6+ {[%clk 00:02:46]} {[%emt 00:00:29]} Ke5 {[%clk 00:10:37]} {[%emt
00:00:42]} 38. Rh4 {[%clk 00:02:09]} {[%emt 00:01:07]} Rf8+ {[%clk 00:09:51]}
{[%emt 00:01:15]} 39. Ke3 {[%clk 00:02:15]} {[%emt 00:00:24]} Rff2 {[%clk
00:08:32]} {[%emt 00:01:45]} 40. Rh5+ {[%clk 00:01:58]} {[%emt 00:00:52]} Kf6
{[%clk 00:08:23]} {[%emt 00:00:38]} 41. Rh6+ {[%clk 00:02:05]} {[%emt
00:00:24]} Ke7 {[%clk 00:08:34]} {[%emt 00:00:19]} 42. Rh7+ {[%clk 00:01:50]}
{[%emt 00:00:45]} Rf7 {[%clk 00:08:38]} {[%emt 00:00:27]} 43. Rh6 {[%clk
00:01:33]} {[%emt 00:00:46]} Rxa2 {[%clk 00:08:16]} {[%emt 00:00:52]} 44. h4
{[%clk 00:01:28]} {[%emt 00:00:36]} Rh2 {[%clk 00:04:36]} {[%emt 00:04:09]} 45.
h5 {[%clk 00:00:46]} {[%emt 00:01:12]} a5 {[%clk 00:04:35]} {[%emt 00:00:32]}
46. Re6+ {[%clk 00:30:18]} {[%emt 00:00:57]} Kd7 {[%clk 00:34:49]} {[%emt
00:00:16]} 47. h6 {[%clk 00:30:20]} {[%emt 00:00:28]} Re7 {[%clk 00:34:57]}
{[%emt 00:00:22]} 0-1

[Event "DEM U18w 2024"]
[Site "Willingen GER"]
[Date "2024.05.22"]
[Round "5"]
[White "Sereda, Yaroslava"]
[Black "Pohle, Saskia"]
[Result "1-0"]
[Termination "normal"]
[Board "1"]
[WhiteElo "1925"]
[BlackElo "1901"]
[WhiteClock "00:01:38"]
[BlackClock "00:02:11"]
[PlyCount "141"]
[WhiteFideId "14178940"]
[BlackFideId "16201604"]
[EventCountry "GER"]
[EventRounds "9"]
[EventType "swiss"]
[EventDate "2024.05.18"]

1. e4 {[%clk 01:30:59]} {[%emt 00:00:02]} e5 {[%clk 01:30:50]} {[%emt
00:00:09]} 2. Nf3 {[%clk 01:31:21]} {[%emt 00:00:08]} Nc6 {[%clk 01:30:40]}
{[%emt 00:00:41]} 3. Bb5 {[%clk 01:31:43]} {[%emt 00:00:08]} a6 {[%clk
01:30:59]} {[%emt 00:00:11]} 4. Ba4 {[%clk 01:32:07]} {[%emt 00:00:06]} Nf6
{[%clk 01:30:48]} {[%emt 00:00:41]} 5. d3 {[%clk 01:32:10]} {[%emt 00:00:27]}
b5 {[%clk 01:30:06]} {[%emt 00:01:11]} 6. Bb3 {[%clk 01:32:32]} {[%emt
00:00:08]} Be7 {[%clk 01:29:28]} {[%emt 00:01:08]} 7. O-O {[%clk 01:32:38]}
{[%emt 00:00:24]} O-O {[%clk 01:29:15]} {[%emt 00:00:43]} 8. Re1 {[%clk
01:32:10]} {[%emt 00:00:58]} Bb7 {[%clk 01:28:27]} {[%emt 00:01:19]} 9. Nbd2
{[%clk 01:29:17]} {[%emt 00:03:23]} d6 {[%clk 01:22:59]} {[%emt 00:05:58]} 10.
c3 {[%clk 01:29:10]} {[%emt 00:00:37]} Na5 {[%clk 01:15:46]} {[%emt 00:07:43]}
11. Bc2 {[%clk 01:29:24]} {[%emt 00:00:15]} c5 {[%clk 01:15:46]} {[%emt
00:00:31]} 12. Nf1 {[%clk 01:29:10]} {[%emt 00:00:44]} Qc7 {[%clk 01:14:27]}
{[%emt 00:01:48]} 13. Ng3 {[%clk 01:21:36]} {[%emt 00:08:04]} Rfe8 {[%clk
01:13:46]} {[%emt 00:01:11]} 14. d4 {[%clk 01:06:40]} {[%emt 00:15:26]} Bf8
{[%clk 01:05:18]} {[%emt 00:08:58]} 15. d5 {[%clk 01:00:09]} {[%emt 00:07:01]}
Nc4 {[%clk 00:58:43]} {[%emt 00:07:06]} 16. h3 {[%clk 00:53:26]} {[%emt
00:07:13]} g6 {[%clk 00:54:30]} {[%emt 00:04:42]} 17. Nh2 {[%clk 00:50:56]}
{[%emt 00:03:01]} Bg7 {[%clk 00:54:17]} {[%emt 00:00:42]} 18. Qf3 {[%clk
00:47:45]} {[%emt 00:03:42]} Nb6 {[%clk 00:45:13]} {[%emt 00:09:34]} 19. Bg5
{[%clk 00:44:45]} {[%emt 00:03:29]} Nbd7 {[%clk 00:45:18]} {[%emt 00:00:26]}
20. Qe3 {[%clk 00:41:08]} {[%emt 00:04:07]} c4 {[%clk 00:43:38]} {[%emt
00:02:10]} 21. Bh6 {[%clk 00:39:08]} {[%emt 00:02:29]} Bh8 {[%clk 00:43:42]}
{[%emt 00:00:27]} 22. Qg5 {[%clk 00:37:21]} {[%emt 00:02:17]} Nc5 {[%clk
00:36:18]} {[%emt 00:07:54]} 23. h4 {[%clk 00:33:40]} {[%emt 00:04:10]} Bc8
{[%clk 00:33:10]} {[%emt 00:03:38]} 24. h5 {[%clk 00:32:13]} {[%emt 00:01:58]}
a5 {[%clk 00:29:28]} {[%emt 00:04:12]} 25. Re3 {[%clk 00:24:06]} {[%emt
00:08:36]} Qd8 {[%clk 00:23:11]} {[%emt 00:06:48]} 26. Rf3 {[%clk 00:19:31]}
{[%emt 00:05:05]} Ng4 {[%clk 00:18:56]} {[%emt 00:04:44]} 27. Qxd8 {[%clk
00:14:03]} {[%emt 00:05:58]} Rxd8 {[%clk 00:19:19]} {[%emt 00:00:07]} 28. Nxg4
{[%clk 00:11:33]} {[%emt 00:03:01]} Bxg4 {[%clk 00:19:40]} {[%emt 00:00:09]}
29. Re3 {[%clk 00:07:52]} {[%emt 00:04:11]} f6 {[%clk 00:13:43]} {[%emt
00:06:26]} 30. f3 {[%clk 00:06:05]} {[%emt 00:02:18]} Bd7 {[%clk 00:14:05]}
{[%emt 00:00:08]} 31. f4 {[%clk 00:04:44]} {[%emt 00:01:51]} Bg4 {[%clk
00:08:42]} {[%emt 00:05:52]} 32. Nf1 {[%clk 00:01:57]} {[%emt 00:03:16]} Bxh5
{[%clk 00:07:09]} {[%emt 00:02:04]} 33. Rg3 {[%clk 00:01:31]} {[%emt 00:00:56]}
exf4 {[%clk 00:04:19]} {[%emt 00:03:20]} 34. Bxf4 {[%clk 00:01:59]} {[%emt
00:00:02]} Ra7 {[%clk 00:03:53]} {[%emt 00:00:57]} 35. Be3 {[%clk 00:01:18]}
{[%emt 00:01:10]} Rc7 {[%clk 00:04:10]} {[%emt 00:00:13]} 36. Bd4 {[%clk
00:01:22]} {[%emt 00:00:26]} Re8 {[%clk 00:03:45]} {[%emt 00:00:55]} 37. Bxc5
{[%clk 00:01:20]} {[%emt 00:00:32]} Rxc5 {[%clk 00:04:05]} {[%emt 00:00:10]}
38. Ne3 {[%clk 00:01:00]} {[%emt 00:00:50]} g5 {[%clk 00:01:55]} {[%emt
00:02:41]} 39. Nf5 {[%clk 00:01:05]} {[%emt 00:00:25]} Rd8 {[%clk 00:01:47]}
{[%emt 00:00:37]} 40. Nd4 {[%clk 00:00:58]} {[%emt 00:00:37]} Ra8 {[%clk
00:00:48]} {[%emt 00:01:30]} 41. a3 {[%clk 00:26:08]} {[%emt 00:05:20]} Be8
{[%clk 00:27:22]} {[%emt 00:03:55]} 42. Rf1 {[%clk 00:20:21]} {[%emt 00:06:17]}
Rc7 {[%clk 00:24:15]} {[%emt 00:03:37]} 43. Ne6 {[%clk 00:18:34]} {[%emt
00:02:17]} Rf7 {[%clk 00:23:05]} {[%emt 00:01:40]} 44. Bd1 {[%clk 00:16:20]}
{[%emt 00:02:44]} Re7 {[%clk 00:22:18]} {[%emt 00:01:18]} 45. Rxg5+ {[%clk
00:15:02]} {[%emt 00:01:48]} Bg6 {[%clk 00:21:28]} {[%emt 00:01:19]} 46. Rg3
{[%clk 00:13:00]} {[%emt 00:02:32]} Kf7 {[%clk 00:20:10]} {[%emt 00:01:48]} 47.
Bf3 {[%clk 00:12:43]} {[%emt 00:00:48]} Ke8 {[%clk 00:17:17]} {[%emt 00:03:22]}
48. Bh5 {[%clk 00:10:04]} {[%emt 00:03:09]} Kf7 {[%clk 00:16:28]} {[%emt
00:01:19]} 49. Rh3 {[%clk 00:08:14]} {[%emt 00:02:21]} Bg7 {[%clk 00:09:11]}
{[%emt 00:07:46]} 50. Bxg6+ {[%clk 00:05:52]} {[%emt 00:02:52]} hxg6 {[%clk
00:09:26]} {[%emt 00:00:15]} 51. Rhf3 {[%clk 00:05:18]} {[%emt 00:01:04]} Bh8
{[%clk 00:09:32]} {[%emt 00:00:24]} 52. Rf4 {[%clk 00:05:28]} {[%emt 00:00:21]}
Rb7 {[%clk 00:06:18]} {[%emt 00:03:43]} 53. Ra1 {[%clk 00:04:38]} {[%emt
00:01:20]} a4 {[%clk 00:05:26]} {[%emt 00:01:22]} 54. Rh4 {[%clk 00:02:50]}
{[%emt 00:02:18]} Kg8 {[%clk 00:05:17]} {[%emt 00:00:39]} 55. Rh6 {[%clk
00:02:35]} {[%emt 00:00:45]} g5 {[%clk 00:04:22]} {[%emt 00:01:26]} 56. Kf2
{[%clk 00:02:26]} {[%emt 00:00:38]} Rh7 {[%clk 00:03:35]} {[%emt 00:01:17]} 57.
Rxh7 {[%clk 00:02:11]} {[%emt 00:00:45]} Kxh7 {[%clk 00:03:58]} {[%emt
00:00:06]} 58. Kf3 {[%clk 00:02:15]} {[%emt 00:00:27]} Kg6 {[%clk 00:03:19]}
{[%emt 00:01:09]} 59. Nd4 {[%clk 00:01:47]} {[%emt 00:00:58]} Rb8 {[%clk
00:03:15]} {[%emt 00:00:33]} 60. Nf5 {[%clk 00:01:49]} {[%emt 00:00:28]} Rb6
{[%clk 00:02:56]} {[%emt 00:00:50]} 61. Rh1 {[%clk 00:02:01]} {[%emt 00:00:18]}
Bg7 {[%clk 00:03:01]} {[%emt 00:00:25]} 62. Kg4 {[%clk 00:02:05]} {[%emt
00:00:26]} Bf8 {[%clk 00:01:32]} {[%emt 00:01:59]} 63. Rh8 {[%clk 00:02:01]}
{[%emt 00:00:33]} Kf7 {[%clk 00:00:53]} {[%emt 00:01:10]} 64. Nd4 {[%clk
00:01:37]} {[%emt 00:00:54]} Kg7 {[%clk 00:00:52]} {[%emt 00:00:31]} 65. Rh3
{[%clk 00:01:44]} {[%emt 00:00:23]} Kg6 {[%clk 00:00:43]} {[%emt 00:00:40]} 66.
Ne6 {[%clk 00:01:26]} {[%emt 00:00:47]} Rb8 {[%clk 00:00:36]} {[%emt 00:00:38]}
67. Rh8 {[%clk 00:01:31]} {[%emt 00:00:24]} Kf7 {[%clk 00:00:53]} {[%emt
00:00:14]} 68. Rxf8+ {[%clk 00:01:05]} {[%emt 00:00:56]} Rxf8 {[%clk 00:01:16]}
{[%emt 00:00:06]} 69. Nxf8 {[%clk 00:01:31]} {[%emt 00:00:04]} Kxf8 {[%clk
00:01:42]} {[%emt 00:00:04]} 70. Kf5 {[%clk 00:01:43]} {[%emt 00:00:18]} Kf7
{[%clk 00:02:11]} {[%emt 00:00:02]} 71. g4 {[%clk 00:01:38]} {[%emt 00:00:33]}
1-0

[Event "DEM U18w 2024"]
[Site "Willingen GER"]
[Date "2024.05.22"]
[Round "5"]
[White "Werner, Rosalie"]
[Black "Zhou, Lepu Coco"]
[Result "0-1"]
[Termination "normal"]
[Board "2"]
[WhiteElo "1938"]
[BlackElo "2040"]
[WhiteClock "00:02:38"]
[BlackClock "00:25:01"]
[PlyCount "84"]
[WhiteFideId "16223748"]
[BlackFideId "16217136"]
[EventCountry "GER"]
[EventRounds "9"]
[EventType "swiss"]
[EventDate "2024.05.18"]

1. e4 {[%clk 01:30:58]} c6 {[%clk 01:30:30]} {[%emt 00:00:32]} 2. d4 {[%clk
01:31:22]} {[%emt 00:00:06]} d5 {[%clk 01:30:56]} {[%emt 00:00:04]} 3. Nc3
{[%clk 01:31:46]} {[%emt 00:00:06]} dxe4 {[%clk 01:31:19]} {[%emt 00:00:07]} 4.
Nxe4 {[%clk 01:32:12]} {[%emt 00:00:05]} Nf6 {[%clk 01:31:41]} {[%emt
00:00:08]} 5. Nxf6+ {[%clk 01:32:37]} {[%emt 00:00:05]} exf6 {[%clk 01:32:05]}
{[%emt 00:00:06]} 6. c3 {[%clk 01:33:01]} {[%emt 00:00:05]} Bd6 {[%clk
01:32:23]} {[%emt 00:00:11]} 7. Bd3 {[%clk 01:33:24]} {[%emt 00:00:08]} O-O
{[%clk 01:32:27]} {[%emt 00:00:26]} 8. Qc2 {[%clk 01:33:42]} {[%emt 00:00:12]}
Re8+ {[%clk 01:32:34]} {[%emt 00:00:23]} 9. Ne2 {[%clk 01:34:03]} {[%emt
00:00:09]} h5 {[%clk 01:32:58]} {[%emt 00:00:06]} 10. Be3 {[%clk 01:34:19]}
{[%emt 00:00:15]} Nd7 {[%clk 01:32:06]} {[%emt 00:01:21]} 11. O-O-O {[%clk
01:34:22]} {[%emt 00:00:27]} Nf8 {[%clk 01:32:21]} {[%emt 00:00:15]} 12. h3
{[%clk 01:34:05]} {[%emt 00:00:47]} Be6 {[%clk 01:32:05]} {[%emt 00:00:45]} 13.
Kb1 {[%clk 01:33:25]} {[%emt 00:01:10]} b5 {[%clk 01:32:18]} {[%emt 00:00:18]}
14. g4 {[%clk 01:25:44]} {[%emt 00:08:11]} Qa5 {[%clk 01:23:45]} {[%emt
00:09:03]} 15. b3 {[%clk 01:23:08]} {[%emt 00:03:06]} h4 {[%clk 01:21:47]}
{[%emt 00:02:28]} 16. Nf4 {[%clk 01:07:25]} {[%emt 00:16:12]} Bxf4 {[%clk
01:14:10]} {[%emt 00:08:07]} 17. Bxf4 {[%clk 01:07:49]} {[%emt 00:00:07]} Bd5
{[%clk 01:13:55]} {[%emt 00:00:44]} 18. Rhg1 {[%clk 01:07:08]} {[%emt
00:01:11]} Ne6 {[%clk 01:13:00]} {[%emt 00:01:26]} 19. Be3 {[%clk 01:03:55]}
{[%emt 00:03:43]} Bf3 {[%clk 01:09:14]} {[%emt 00:04:15]} 20. Rd2 {[%clk
00:53:38]} {[%emt 00:10:47]} Ng5 {[%clk 01:01:23]} {[%emt 00:08:22]} 21. Bxg5
{[%clk 00:52:53]} {[%emt 00:01:14]} fxg5 {[%clk 01:01:47]} {[%emt 00:00:07]}
22. Kb2 {[%clk 00:50:29]} {[%emt 00:02:54]} Qc7 {[%clk 01:00:33]} {[%emt
00:01:43]} 23. Be2 {[%clk 00:44:42]} {[%emt 00:06:17]} Be4 {[%clk 00:54:28]}
{[%emt 00:06:35]} 24. Bd3 {[%clk 00:38:03]} {[%emt 00:07:09]} Qf4 {[%clk
00:53:04]} {[%emt 00:01:55]} 25. Bxe4 {[%clk 00:30:05]} {[%emt 00:08:29]} Rxe4
{[%clk 00:53:24]} {[%emt 00:00:09]} 26. Re2 {[%clk 00:28:30]} {[%emt 00:02:03]}
Rxe2 {[%clk 00:49:34]} {[%emt 00:04:21]} 27. Qxe2 {[%clk 00:28:07]} {[%emt
00:00:53]} Qh2 {[%clk 00:49:58]} {[%emt 00:00:06]} 28. Re1 {[%clk 00:15:36]}
{[%emt 00:13:02]} Qxh3 {[%clk 00:50:03]} {[%emt 00:00:24]} 29. Qe4 {[%clk
00:16:01]} {[%emt 00:00:06]} Qh2 {[%clk 00:49:15]} {[%emt 00:01:17]} 30. Qxc6
{[%clk 00:15:56]} {[%emt 00:00:36]} Qxf2+ {[%clk 00:49:03]} {[%emt 00:00:42]}
31. Ka3 {[%clk 00:16:18]} {[%emt 00:00:08]} Qxe1 {[%clk 00:47:38]} {[%emt
00:01:54]} 32. Qxa8+ {[%clk 00:16:43]} {[%emt 00:00:06]} Kh7 {[%clk 00:48:03]}
{[%emt 00:00:05]} 33. Qf3 {[%clk 00:15:29]} {[%emt 00:01:44]} Qe7+ {[%clk
00:38:19]} {[%emt 00:10:14]} 34. Kb2 {[%clk 00:15:01]} {[%emt 00:00:58]} g6
{[%clk 00:28:38]} {[%emt 00:10:12]} 35. d5 {[%clk 00:10:27]} {[%emt 00:05:03]}
Kg7 {[%clk 00:28:21]} {[%emt 00:00:47]} 36. Qd3 {[%clk 00:08:53]} {[%emt
00:02:03]} Qd6 {[%clk 00:27:00]} {[%emt 00:01:51]} 37. Qxb5 {[%clk 00:02:25]}
{[%emt 00:06:59]} h3 {[%clk 00:27:22]} {[%emt 00:00:07]} 38. Qc6 {[%clk
00:02:53]} {[%emt 00:00:03]} Qh2+ {[%clk 00:27:28]} {[%emt 00:00:24]} 39. Ka3
{[%clk 00:03:16]} {[%emt 00:00:08]} Qg2 {[%clk 00:27:51]} {[%emt 00:00:05]} 40.
Qc4 {[%clk 00:03:24]} {[%emt 00:00:22]} h2 {[%clk 00:27:44]} {[%emt 00:00:36]}
41. d6 {[%clk 00:02:26]} {[%emt 00:01:30]} h1=Q {[%clk 00:28:02]} {[%emt
00:00:12]} 42. Qd4+ {[%clk 00:02:38]} {[%emt 00:00:17]} Kh7 {[%clk 00:25:01]}
{[%emt 00:03:31]} 0-1